000 00300nam a2200121Ia 4500
008 190723s9999 xx 000 0 und d
020 _a969-8519-01-7
100 _aNazeer Ahmed Shaheen
245 0 _aIntroduction To Company Law
260 _aKarachi
_bPetiwala
_c2017
300 _a356:p
942 _cBK
999 _c1968
_d1968